Wolves - One Direction (All Lyrics) - Statistics

General Stats
  • This quiz has been taken 31 times
  • The average score is 336 of 434
Answer Stats
Answer % Correct
a
100%
for
100%
I
100%
the
100%
you
100%
and
95%
by
95%
in
95%
night
95%
wolves
95%
your
95%
when
89%
calling
84%
come
84%
down
84%
go
84%
hear
84%
it
84%
like
84%
middle
84%
no
84%
of
84%
on
84%
out
84%
be
79%
but
79%
can
79%
can't
79%
dark
79%
get
79%
got
79%
know
79%
me
79%
them
79%
feel
74%
heart
74%
it's
74%
one
74%
run
74%
shaking
74%
straight
74%
they
74%
to
74%
up
74%
world
74%
bullet
68%
getting
68%
is
68%
take
68%
waves
68%
whole
68%
ain't
63%
control
63%
fight
63%
going
63%
my
63%
we
63%
at
58%
debating
58%
inside
58%
now
58%
pulling
58%
rush
58%
soul
58%
start
58%
try
58%
without
58%
all
53%
don't
53%
eyes
53%
headed
53%
started
53%
we're
53%
could
47%
deep
47%
fire
47%
hide
47%
keep
47%
let
47%
say
47%
taking
47%
trouble
47%
about
42%
burning
42%
chance
42%
ever
42%
friends
42%
gonna
42%
talk
42%
tight
42%
as
37%
beauty
37%
body's
37%
'cause
37%
demons
37%
gotta
37%
holding
37%
just
37%
telling
37%
war
37%
starting
32%
walk
32%
make
26%
more
26%
than
26%
true
26%
wasn't
26%
wish
26%
battle
21%
door
21%
fools
21%
piece
21%
through
21%
tryna
21%
world's
21%
in it
16%
in the
16%
this
16%
bringing
11%
fighting
11%
keeps
11%
I know
0%
No matching quizzes found
Score Distribution
Percent of People with Each Score
Percentile by Number Answered
Your Score History
You have not taken this quiz